| 000 | 00799nam a2200241 i 4500 | ||
|---|---|---|---|
| 001 | 102588 | ||
| 003 | ES-MaACL | ||
| 005 | 20251207124546.0 | ||
| 007 | t| | ||
| 008 | 051117s1974 fr |||| | fre d | ||
| 100 | 1 |
_aMerleau-Ponty, Jacques. _980570 |
|
| 245 | 1 | 0 |
_aLeçons sur la génese des théories physiques _b: Galilée, Ampère, Einstein / _cpar J. Merleau-Ponty. |
| 260 |
_aParis : _bJ. Vrin, _c1974. |
||
| 300 |
_a172 p. : _bil. ; _c22 cm. |
||
| 490 | 1 | _aSciences de l'homme | |
| 600 | 1 | 4 |
_aGalilei, Galileo, _d1564-1642 _953419 |
| 600 | 1 | 4 |
_aAmpere, André-Marie. _921336 |
| 600 | 1 | 4 |
_aEinstein, Albert, _d1879-1955 _946838 |
| 650 | 0 | 4 |
_aFísica- _xFilosofía. _912881 |
| 830 | 0 |
_aSciences de l'homme _9226321 |
|
| 852 |
_aES-MaACL _jE-7300 |
||
| 999 |
_c102588 _d102588 |
||